[Event "Bundesliga 2007-8"]
[Site "Kreuzberg GER"]
[Date "2007.12.08"]
[Round "5"]
[White "Schilow,W"]
[Black "Swinkels,R"]
[Result "1-0"]
[WhiteElo "2400"]
[BlackElo "2433"]

1.d4 Nf6 2.c4 g6 3.Nc3 d5 4.cxd5 Nxd5 5.e4 Nxc3 6.bxc3 Bg7 7.Nf3 c5 8.Be3 Qa5
9.Qd2 Nc6 10.Rc1 cxd4 11.cxd4 Qxd2+ 12.Kxd2 O-O 13.d5 Rd8 14.Ke1 Na5 15.Bg5 Bd7
16.Bd3 Rdc8 17.Ke2 e6 18.Rxc8+ Rxc8 19.Rc1 Rxc1 20.Bxc1 exd5 21.exd5 b6 22.Bf4 Nb7
23.Bb8 a5 24.Bc7 b5 25.Ne5 Bxe5 26.Bxe5 Kf8 27.Ke3 Ke7 28.Kd4 b4 29.Bc7 a4
30.Bf4 Bf5 31.Bxf5 gxf5 32.Kc4 b3 33.axb3 Na5+ 34.Kb4 Nxb3 35.Kxa4 Nc5+ 36.Kb5 Nd3
37.Be3 Kd7 38.Kc4 Ne1 39.g3 Nf3 40.h4 Ne5+ 41.Kc5 Ng4 42.Kd4 f6 43.Kc5 f4
44.Bxf4 Nxf2 45.Kd4 Nd1 46.Bd2 Nf2 47.Ke3 Ng4+ 48.Kf4 Nh6 49.Bb4 Ke8 50.Ke4 Kf7
51.Bd2 Ng4 52.Kf5 Ne5 53.Bc3 Nc4 54.Bb4 Ne3+ 55.Ke4 Ng4 56.Bc5 Ne5 57.Bd4 Nc4
58.Kf4 Nd6 59.Bc5 Ne8 60.Ke4 Ng7 61.g4 h5 62.gxh5 Nxh5 63.Kf3 f5 64.Bd4 Ke7
65.Be5 Kd7 66.Ke3 Ke7 67.Kd4 Kd7 68.Kc5 f4 69.Kc4 Ng3 70.Bxf4 Nf5 71.h5 Ke8
72.Kc5 Kd7 73.h6 Ne7 74.h7 Ng6 75.Be5  1-0

[Event "Parsvnath ch-Commonwealth"]
[Site "New Delhi IND"]
[Date "2007.12.10"]
[Round "10"]
[White "Rajesh,VA"]
[Black "Sai,Sr"]
[Result "1/2-1/2"]
[WhiteElo "2189"]
[BlackElo "2302"]

1.d4 Nf6 2.c4 g6 3.Nc3 d5 4.cxd5 Nxd5 5.e4 Nxc3 6.bxc3 Bg7 7.Nf3 c5 8.Be2 Nc6
9.Be3 O-O 10.O-O Qa5 11.Qb3 a6 12.dxc5 Qxc3 13.Qxc3 Bxc3 14.Rab1 Rd8 15.Rfc1 Ba5
16.Bc4 Bc7 17.Bd5 Rb8 18.Bg5 Bd7 19.Rb2 Rdc8 20.Rd2 e6 21.Bb3 Be8 22.Ba4 Kg7
23.Be3 Rd8 24.Rxd8 Rxd8 25.Rb1 Rb8 26.Kf1 f6 27.Rd1 Kf7 28.Nd4 Rd8 29.Nxc6 Rxd1+
30.Bxd1 Bxc6 31.Bc2 Bb5+ 32.Kg1 Bc4 33.a3 Ke7 34.f4 Kd7 35.Kf2 e5 36.g3 Ba5
37.Ba4+ Bb5 38.Bb3 Bc6 39.Bc2 Bc3 40.a4 Kc7 41.Ke2 Kd7 42.Kd3 Be1 43.Kc4 h5
44.fxe5 fxe5 45.Kd3 h4 46.gxh4 Bxh4 47.Bb3 Ke7 48.Bd5 Bxa4 49.Bxb7 Bb5+ 50.Kc3 a5
51.Bd5 Kd7 52.Kb3 Kc7 53.Bd2 a4+ 54.Kb4 Bc6 55.Bc3 Bf6 56.Kc4 Kd7 57.Bb4 Bg5
58.Bc3 Bf4 59.h4 Bg3 60.Bb2 Kc7 61.Kd3 Kd7 62.Bf7 Bxh4 63.Bxg6 Bb5+ 64.Kc2 Bg3
65.Ba3 Bf2 66.Kc3 Be1+ 67.Kc2 Bc4 68.Kd1 Bc3 69.Kc2 Bd4 70.Bh5 Be6 71.Kd3 Kc6
72.Be8+ Bd7 73.Bxd7+ Kxd7 74.Kc4 Kc6 75.Bb4 Bb2 76.Bd2 a3 77.Kb3 Kxc5 78.Be3+ Kd6
79.Bh6 Kc5 80.Be3+ Kd6  1/2-1/2

[Event "Warsaw-Buenos Aires-Kolkata Match"]
[Site "Warsaw POL"]
[Date "2007.12.13"]
[Round "3"]
[White "Peralta,Fe"]
[Black "Ganguly,S"]
[Result "1/2-1/2"]
[WhiteElo "2546"]
[BlackElo "2585"]

1.d4 Nf6 2.c4 g6 3.Nc3 d5 4.cxd5 Nxd5 5.e4 Nxc3 6.bxc3 Bg7 7.Nf3 c5 8.Rb1 O-O
9.Be2 cxd4 10.cxd4 Qa5+ 11.Bd2 Qxa2 12.O-O Bg4 13.Bg5 h6 14.Be3 Nc6 15.d5 Bxf3
16.gxf3 Nd4 17.Bd3 Qa3 18.f4 Qd6 19.Rxb7 Rfb8 20.Qb1 Rxb7 21.Qxb7 Rb8 22.Qxa7 Rb3
23.Bc4 Ra3 24.Qb7 Qc5 25.Qc6 Qxc6  1/2-1/2

[Event "7th Amplico AIG Life"]
[Site "Warsaw POL"]
[Date "2007.12.15"]
[Round "1"]
[White "Prazmowski,B"]
[Black "Akesson,R"]
[Result "0-1"]
[WhiteElo "1773"]
[BlackElo "2468"]

1.d4 Nf6 2.c4 g6 3.Nc3 d5 4.cxd5 Nxd5 5.e4 Nxc3 6.bxc3 Bg7 7.Bc4 c5 8.Be3 Qa5
9.Qd2 Nc6 10.Ne2 O-O 11.O-O cxd4 12.Bxd4 Nxd4 13.Nxd4 Rd8 14.Qe3 Bd7 15.Qf3 Be8
16.Bd5 Rac8 17.Rfc1 b6 18.a4 e6 19.Nxe6 fxe6 20.Bxe6+ Kh8 21.Bxc8 Rxc8 22.Ra3 Qe5
23.h3 Bc6 24.Qg4 Re8 25.Re1 Qc5 26.Ra2 Bxc3 27.Ree2 Qd4 28.Rac2 Bxa4 29.Rc1 Bd1
30.Rxc3 Bxe2 31.Qg3 a5 32.Rc7 Qa1+ 33.Kh2 Qe5 34.Rxh7+ Kxh7 35.f4 Qxe4 36.Qh4+ Kg7  0-1

[Event "7th Amplico AIG Life"]
[Site "Warsaw POL"]
[Date "2007.12.15"]
[Round "3"]
[White "Budrewicz,K"]
[Black "Zinchenko,Ya"]
[Result "0-1"]
[WhiteElo "2277"]
[BlackElo "2491"]

1.d4 Nf6 2.c4 g6 3.Nc3 d5 4.cxd5 Nxd5 5.e4 Nxc3 6.bxc3 Bg7 7.Bc4 c5 8.Ne2 O-O
9.O-O Nc6 10.Be3 Bd7 11.Rb1 Qc7 12.Bd3 Rad8 13.h3 Bc8 14.d5 Ne5 15.c4 f5
16.f3 fxe4 17.fxe4 Rxf1+ 18.Kxf1 Rf8+ 19.Kg1 Bxh3 20.d6 Qxd6 21.Bc2 Bc8 22.Qd5+ Qxd5
23.cxd5 b6 24.a4 Ba6 25.Bd1 Ng4 26.Bg5 Bd4+  0-1

[Event "7th Amplico AIG Life"]
[Site "Warsaw POL"]
[Date "2007.12.15"]
[Round "5"]
[White "Peralta,Fe"]
[Black "Schmidt,Wl"]
[Result "1-0"]
[WhiteElo "2546"]
[BlackElo "2410"]

1.d4 Nf6 2.c4 g6 3.Nc3 d5 4.cxd5 Nxd5 5.e4 Nxc3 6.bxc3 Bg7 7.Nf3 c5 8.Rb1 O-O
9.Be2 b6 10.O-O Bb7 11.Qd3 e6 12.Bg5 Qc7 13.Qe3 Nd7 14.e5 Rae8 15.Bf4 Bd5
16.a4 c4 17.h4 Qc6 18.h5 f6 19.exf6 Bxf6 20.Bh6 Bg7 21.Bxg7 Kxg7 22.Ne5 Nxe5
23.Qxe5+ Kg8 24.hxg6 hxg6 25.Qg3 Re7 26.Bd1 Rg7 27.Bc2 g5 28.Rfe1 Qd7 29.Re5 Qe7
30.Rbe1 Qf6 31.Be4 Bxe4 32.R1xe4 Qh6 33.Rxe6 Qh5 34.Rg4 Rf4 35.f3 Rxg4 36.Qxg4 Qxg4
37.fxg4 Kf7 38.Rc6 Ke7 39.Rc7+ Kf6 40.Rc6+ Ke7 41.Rc7+ Kf6 42.Rxc4 Ke6 43.Kf2 Kd5
44.Rc8 Ke4 45.Ke2 Kf4 46.Rf8+ Kxg4 47.Rf3 Rd7 48.Kd3 Rd5 49.c4 Ra5 50.d5 Rxa4
51.d6 Ra1 52.Kd4 Rh1 53.Ke4  1-0

[Event "7th Amplico AIG Life"]
[Site "Warsaw POL"]
[Date "2007.12.15"]
[Round "6"]
[White "Zurkowski,A"]
[Black "Sakalauskas,V"]
[Result "0-1"]
[WhiteElo "2127"]
[BlackElo "2402"]

1.d4 Nf6 2.c4 g6 3.Nc3 d5 4.cxd5 Nxd5 5.e4 Nxc3 6.bxc3 Bg7 7.Bc4 c5 8.Ne2 O-O
9.O-O Nc6 10.Be3 Bd7 11.Rc1 Rc8 12.h3 Qa5 13.dxc5 Rfd8 14.Qb3 Ne5 15.Nf4 Nxc4
16.Qxc4 Bb5 17.Qb4 Qxb4 18.cxb4 Bxf1 19.Kxf1 e6 20.Ne2 Rd3 21.g3 Rcd8 22.Ke1 Ra3
23.Rc2 a6 24.Bd2 Rad3 25.f4 h5 26.h4 Bd4 27.a4 Bf2+ 28.Kxf2 Rxd2 29.Rc4 Ra2
30.Ke3 Rxa4 31.Nc3 Ra3 32.e5 Rd1 33.Ke2 Rc1 34.Kd2 Rg1 35.Ne4 Rg2+  0-1

[Event "7th Amplico AIG Life"]
[Site "Warsaw POL"]
[Date "2007.12.15"]
[Round "6"]
[White "Jedynak,R"]
[Black "Panocki,A"]
[Result "1-0"]
[WhiteElo "2543"]
[BlackElo "2266"]

1.d4 Nf6 2.c4 g6 3.Nc3 d5 4.cxd5 Nxd5 5.e4 Nxc3 6.bxc3 Bg7 7.Nf3 c5 8.Rb1 O-O
9.Be2 Nc6 10.d5 Ne5 11.Nxe5 Bxe5 12.Qd2 e6 13.f4 Bc7 14.O-O exd5 15.exd5 Ba5
16.f5 Qd6 17.f6 Re8 18.Rb5 Bd8 19.c4 Bxf6 20.Bb2 Bxb2 21.Rxb2 b6 22.Bd3 Bd7
23.Qh6 f5 24.Rbf2 Qf8 25.Qf4 Re7 26.g4 Rae8 27.gxf5 Bxf5 28.Bxf5 Qxf5 29.Qxf5 gxf5
30.Rxf5 Re1 31.Rg5+ Kh8 32.Rxe1 Rxe1+ 33.Kf2 Re4 34.d6 Rxc4 35.Rd5 Rf4+ 36.Ke3 Rf8
37.Ke4 Kg7 38.d7 Rd8 39.Ke5 c4 40.Kd6 c3 41.Rd3  1-0

[Event "7th Amplico AIG Life"]
[Site "Warsaw POL"]
[Date "2007.12.15"]
[Round "7"]
[White "Grabliauskas,V"]
[Black "Makovskis,G"]
[Result "1-0"]
[WhiteElo "2433"]
[BlackElo "2250"]

1.d4 Nf6 2.c4 g6 3.Nc3 d5 4.cxd5 Nxd5 5.e4 Nxc3 6.bxc3 Bg7 7.Bb5+ Bd7 8.Be2 c5
9.Be3 O-O 10.Rc1 Qa5 11.Qd2 cxd4 12.cxd4 Qxd2+ 13.Kxd2 Nc6 14.Nf3 Bg4 15.d5 Rfd8
16.Rhd1 e6 17.Ng5 Bxe2 18.Kxe2 exd5 19.exd5 Ne7 20.d6 Nf5 21.d7 b6 22.f4 Kf8
23.Rc7 Ke7 24.Ne4 h5 25.Bf2 Ke6 26.g3 Bf8 27.Rc6+ Ke7 28.Nf6 Bg7 29.Nd5+ Kxd7
30.Rc2 Re8+ 31.Kf3 Nd6 32.Bxb6 axb6 33.Nxb6+ Ke6 34.Re2+ Kf5 35.Rd5+ Be5
36.Rexe5+  1-0

[Event "TCh-HUN 2007-8"]
[Site "Budapest HUN"]
[Date "2007.12.16"]
[Round "5"]
[White "Danner,G"]
[Black "Roganovic,Milo"]
[Result "1/2-1/2"]
[WhiteElo "2434"]
[BlackElo "2369"]

1.d4 Nf6 2.c4 g6 3.Nc3 d5 4.cxd5 Nxd5 5.e4 Nxc3 6.bxc3 Bg7 7.Be3 c5 8.Qd2 Qa5
9.Rc1 O-O 10.Nf3 cxd4 11.cxd4 Qxd2+ 12.Nxd2 f5 13.exf5 Bxf5 14.Bc4+ Kh8 15.Nf3 Nc6
16.O-O Rad8 17.Ng5 Nxd4 18.Bxd4 Rxd4 19.Nf7+ Kg8 20.Nh6+ Kh8 21.Nf7+ Kg8
22.Nh6+  1/2-1/2

[Event "Abierto"]
[Site "Pamplona ESP"]
[Date "2007.12.23"]
[Round "3"]
[White "Ignacz,R"]
[Black "Navarro Cia,M"]
[Result "1/2-1/2"]
[WhiteElo "2079"]
[BlackElo "2359"]

1.d4 Nf6 2.c4 g6 3.Nc3 d5 4.cxd5 Nxd5 5.e4 Nxc3 6.bxc3 Bg7 7.Bc4 c5 8.Ne2 O-O
9.O-O Nc6 10.Be3 Bg4 11.f3 Na5 12.Bd3 cxd4 13.cxd4 Be6 14.d5 Bxa1 15.Qxa1 f6
16.Qd4 Bf7 17.Bh6 Re8 18.Bb5 e5 19.Qf2 Re7 20.f4 exf4 21.Qxf4 Qb6+ 22.Kh1 Bxd5
23.exd5 Qxb5 24.Qxf6 Qe8 25.Qd4 Rc8 26.Ng3 Rf7 27.Rxf7 Qxf7 28.h3 Nc4 29.Ne4 b5
30.Nf6+ Kh8 31.Nh5+ Kg8  1/2-1/2

[Event "Abierto"]
[Site "Pamplona ESP"]
[Date "2007.12.27"]
[Round "7"]
[White "San Segundo Carrillo,P"]
[Black "Llaneza Vega,M"]
[Result "1-0"]
[WhiteElo "2536"]
[BlackElo "2426"]

1.d4 Nf6 2.c4 g6 3.Nc3 d5 4.cxd5 Nxd5 5.e4 Nxc3 6.bxc3 Bg7 7.Be3 c5 8.Qd2 O-O
9.Nf3 Qa5 10.Rc1 Bg4 11.Ng5 h6 12.h3 hxg5 13.hxg4 cxd4 14.cxd4 Qxd2+ 15.Kxd2 e6
16.e5 Nc6 17.Bb5 Rfd8 18.Bxc6 bxc6 19.Ke2 Rac8 20.Rc5 f5 21.exf6 Bxf6 22.Bxg5 Bxd4
23.Bxd8 Bxc5 24.Bf6 Kf7 25.g5 e5 26.Bxe5 Rd8 27.f4 Ke6 28.g4 Bb4 29.Ke3 Rd2
30.a3 Ba5 31.Rh6 Ra2 32.Rxg6+ Kd5 33.Rd6+ Kc5 34.g6  1-0

[Event "37th Rilton Cup"]
[Site "Stockholm SWE"]
[Date "2007.12.29"]
[Round "3"]
[White "Nyback,T"]
[Black "Ernst,T"]
[Result "1-0"]
[WhiteElo "2565"]
[BlackElo "2450"]

1.d4 Nf6 2.c4 g6 3.Nc3 d5 4.cxd5 Nxd5 5.e4 Nxc3 6.bxc3 Bg7 7.Bc4 c5 8.Ne2 Nc6
9.Be3 O-O 10.O-O Bg4 11.f3 Na5 12.Bd3 cxd4 13.cxd4 Be6 14.d5 Bxa1 15.Qxa1 f6
16.Qd4 Bd7 17.e5 e6 18.Nf4 exd5 19.Qxd5+ Kg7 20.exf6+ Rxf6 21.Bd4 Kh6 22.Qe5 Rf7
23.Ne6 Bxe6 24.Be3+ g5 25.h4  1-0

[Event "37th Rilton Cup"]
[Site "Stockholm SWE"]
[Date "2007.12.30"]
[Round "4"]
[White "Luukkonen,T"]
[Black "Grandelius,N"]
[Result "0-1"]
[WhiteElo "2238"]
[BlackElo "2377"]

1.d4 Nf6 2.c4 g6 3.Nc3 d5 4.cxd5 Nxd5 5.e4 Nxc3 6.bxc3 Bg7 7.Bc4 c5 8.Ne2 O-O
9.O-O Nc6 10.Be3 Bd7 11.Rb1 a6 12.d5 Na5 13.Bd3 Rc8 14.c4 e6 15.Qd2 b5 16.Rfc1 exd5
17.cxd5 c4 18.Bc2 c3 19.Qd3 f5 20.d6 fxe4 21.Qd5+ Kh8 22.Nd4 Nc4 23.Bxe4 Qf6
24.Bf3 Qxd6 25.Qxd6 Nxd6 26.Rb3 Nf5 27.Nxf5 Rxf5 28.Bb7 Rd8 29.Kf1 a5 30.Ke1 b4
31.a3 Be6  0-1

[Event "Premier"]
[Site "Hastings ENG"]
[Date "2007.12.31"]
[Round "4"]
[White "Gibson,Ch"]
[Black "Knott,S"]
[Result "1/2-1/2"]
[WhiteElo "2032"]
[BlackElo "2366"]

1.d4 Nf6 2.c4 g6 3.Nc3 d5 4.cxd5 Nxd5 5.e4 Nxc3 6.bxc3 Bg7 7.Nf3 c5 8.Rb1 O-O
9.Be2 Nc6 10.d5 Bxc3+ 11.Bd2 Bxd2+ 12.Qxd2 Na5 13.h4 Bg4 14.Ng5 Bxe2 15.Kxe2 h6
16.h5 hxg5 17.hxg6 Qd6 18.Qxa5 Qxg6 19.f3 b6 20.Qc3 f6 21.a4 Kg7 22.a5 Rh8
23.Rxh8 Kxh8 24.axb6 axb6 25.Rxb6 g4 26.Rb2 gxf3+ 27.Qxf3 Ra4 28.Rb3 Rxe4+
29.Re3 Rxe3+ 30.Kxe3 Kg7 31.Kd2 Kf8 32.Kc3 Qb1 33.Qg4 f5 34.Qc4 Qg1 35.Qf4 Qe1+
36.Qd2 Qh4 37.Kb3 Kf7 38.Qc3 Qe4 39.Qxc5 Qxg2 40.d6 Qf3+ 41.Kc2 Qe4+ 42.Kb2 exd6
43.Qxd6 f4 44.Qd7+ Kf6 45.Qg4 Ke5 46.Qg7+ Kd5 47.Ka2 f3 48.Qb7+ Ke5 49.Qe7+ Kd4
50.Qb4+ Kd3 51.Qb1+ Ke3 52.Qe1+ Kf4 53.Qh4+ Kf5 54.Qh7+ Ke5 55.Qe7+ Kd4 56.Qb4+ Kd3
57.Qb1+ Ke3 58.Qe1+ Kf4 59.Qh4+ Kf5 60.Qh7+ Kf4  1/2-1/2

[Event "Premier"]
[Site "Hastings ENG"]
[Date "2007.12.31"]
[Round "4"]
[White "Eames,R"]
[Black "Garnett,J"]
[Result "1-0"]
[WhiteElo "2304"]
[BlackElo "2032"]

1.d4 Nf6 2.c4 g6 3.Nc3 d5 4.cxd5 Nxd5 5.e4 Nxc3 6.bxc3 Bg7 7.Bc4 c5 8.Ne2 Nc6
9.Be3 O-O 10.O-O Bg4 11.f3 Na5 12.Bd3 cxd4 13.cxd4 Be6 14.Rc1 Bxa2 15.Qa4 Bb3
16.Qb4 f6 17.Rc3 Bf7 18.Rfc1 Rb8 19.d5 b6 20.Bf4 f5 21.Bc7 Bxc3 22.Rxc3 Qc8
23.exf5 gxf5 24.Qf4 Bg6 25.Be5 Qe8 26.Nd4 Rc8 27.Nxf5 Rxf5 28.Bxf5 Bxf5 29.Qxf5 Rxc3
30.Bxc3 Qg6 31.Qc8+ Kf7 32.h3 Nb3 33.Qc4 Nc5 34.Qf4+ Ke8 35.Qe5 Kd7 36.h4 a5
37.h5 Qd3 38.Bd4 Qc2 39.Be3 Qd1+ 40.Kh2 Qe1 41.Qf5+ Kd8 42.Bg5 a4 43.d6 Qe6
44.Qf8+ Kd7 45.dxe7 Nb7 46.Qa8 Nd6 47.Qxa4+ b5 48.Qa7+ Kc6 49.Qa8+ Kd7 50.Qd8+ Kc6
51.Bf4  1-0

[Event "II Illes Medes Open"]
[Site "L'Estartit ESP"]
[Date "2007.12.31"]
[Round "5"]
[White "Amberger,D"]
[Black "Toma,K"]
[Result "0-1"]
[WhiteElo "2083"]
[BlackElo "2283"]

1.d4 Nf6 2.c4 g6 3.Nc3 d5 4.cxd5 Nxd5 5.e4 Nxc3 6.bxc3 Bg7 7.Be3 c5 8.Qd2 Qa5
9.Rb1 a6 10.Rc1 cxd4 11.cxd4 Qxd2+ 12.Kxd2 O-O 13.Nf3 e6 14.Bc4 Nc6 15.Rhd1 Bd7
16.Ke2 Na5 17.Bd3 Rac8 18.Bd2 Nc6 19.Be3 Nb4 20.Bc4 Rxc4 21.Rxc4 Bb5 22.Nd2 Rc8
23.Rc1 Nxa2 24.Kd1 Bxc4 25.Rxc4 Rxc4  0-1

[Event "TCh-ISR"]
[Site "Israel ISR"]
[Date "2008.01.04"]
[Round "2"]
[White "Murey,J"]
[Black "Khmelniker,I"]
[Result "1/2-1/2"]
[WhiteElo "2415"]
[BlackElo "2459"]

1.d4 Nf6 2.c4 g6 3.Nc3 d5 4.cxd5 Nxd5 5.e4 Nxc3 6.bxc3 Bg7 7.Bc4 c5 8.Ne2 O-O
9.Be3 Nc6 10.O-O Bg4 11.f3 Bd7 12.Rb1 Rc8 13.dxc5 Qc7 14.Nd4 Na5 15.Be2 Rfd8
16.Qc1 e5 17.Nb3 Bf8 18.Nxa5 Qxa5 19.Rxb7 Bxc5 20.Rd1 Bc6 21.Rxd8+ Rxd8 22.Rb1 Bxe3+
23.Qxe3 Qxa2 24.Re1 Rd2 25.h4 h5 26.g4 hxg4 27.fxg4 Qc2 28.h5 Qxe4 29.Qxe4 Bxe4
30.Bf1 Bf3 31.hxg6 fxg6 32.Rxe5 Bxg4 33.Ra5 Rd7 34.Kf2 Kg7 35.Ke3 Kf6 36.Bd3 Re7+
37.Kf4 Be6 38.Rg5 Bf7 39.Ra5 Rc7 40.Ra6+ Kg7 41.Be4 Re7 42.Bd3 Rc7 43.Be4 Kh6
44.Ke5 Kg5 45.Ra5 Re7+ 46.Kd6+ Kf6 47.Bd5 Bxd5 48.Rxd5 Re6+ 49.Kc7 Re4 50.Kb7 Ra4
51.Rd4 Ra1 52.c4 Ke5 53.Rd5+ Kf4 54.c5 Rc1 55.c6 g5 56.Ra5 g4 57.Rxa7 g3
58.Ra2 Kf3 59.c7 Rxc7+  1/2-1/2

[Event "Premier"]
[Site "Hastings ENG"]
[Date "2008.01.05"]
[Round "9"]
[White "Kakkanas,E"]
[Black "Andersen,Dani"]
[Result "0-1"]
[WhiteElo "2064"]
[BlackElo "2013"]

1.d4 Nf6 2.c4 g6 3.Nc3 d5 4.cxd5 Nxd5 5.e4 Nxc3 6.bxc3 Bg7 7.Bc4 O-O 8.Ne2 c5
9.O-O Nc6 10.Be3 Bd7 11.Qd2 e5 12.d5 Na5 13.Bd3 b6 14.c4 Nb7 15.a4 f5 16.f3 f4
17.Bf2 g5 18.g4 fxg3 19.Bxg3 Bh3 20.Rf2 h5 21.Kh1 h4 22.Bxe5 Bxe5 23.Rg1 g4
24.f4 Bg7 25.e5 Bxe5 26.Qe3 Bg7 27.Qe6+ Rf7 28.Bg6 Qe7 29.Bxf7+ Qxf7 30.Qc6 Re8
31.f5 Na5 32.Qd6 Nxc4 33.Qc6 Ne5 34.Qd6 Nd3 35.Rgg2 Bxg2+ 36.Rxg2 Qxf5  0-1

[Event "4NCL 2007-8"]
[Site "Wokefield Park ENG"]
[Date "2008.01.12"]
[Round "5"]
[White "Morrison,G SCO"]
[Black "Knott,S"]
[Result "1-0"]
[WhiteElo "2319"]
[BlackElo "2374"]

1.d4 Nf6 2.c4 g6 3.Nc3 d5 4.cxd5 Nxd5 5.e4 Nxc3 6.bxc3 Bg7 7.Nf3 c5 8.Bb5+ Nc6
9.O-O cxd4 10.cxd4 O-O 11.Be3 Bg4 12.Bxc6 bxc6 13.Rc1 Qa5 14.Qd2 Qxd2 15.Nxd2 Rfd8
16.Nb3 Be2 17.Rfe1 Bb5 18.e5 a5 19.Nc5 a4 20.a3 f6 21.f4 f5 22.Rc3 Kf7 23.Rec1 e6
24.Nb7 Rd7 25.Nd6+ Kg8 26.Rb1 Rb8 27.Rxc6 Bxc6 28.Rxb8+ Bf8 29.Bd2 Kg7 30.Bb4 Bxd6
31.exd6 Bd5 32.Kf2 h6 33.g3 Kf7 34.Ke3 g5 35.fxg5 hxg5 36.h4 f4+ 37.gxf4 gxh4
38.Rh8 Kf6 39.Rxh4 Rg7 40.Rh6+ Kf5 41.Rh5+ Kf6 42.Re5 Rg3+ 43.Kf2 Rg2+ 44.Kf1 Rg7
45.Ba5 Rb7 46.Ke1 Bc6 47.Rc5 Bd7 48.Bb4 Kf7 49.Kd2 Rb5 50.Rc7 Ke8 51.Ra7 Rd5
52.Bc5 Kd8 53.Ra8+ Bc8 54.Rxa4  1-0

[Event "6th Parsvnath Open"]
[Site "New Delhi IND"]
[Date "2008.01.13"]
[Round "2"]
[White "Nath,R"]
[Black "Gupta,Ab"]
[Result "0-1"]
[WhiteElo "2144"]
[BlackElo "2495"]

1.d4 Nf6 2.c4 g6 3.Nc3 d5 4.cxd5 Nxd5 5.e4 Nxc3 6.bxc3 Bg7 7.Bb5+ Nd7 8.Ne2 O-O
9.O-O a6 10.Ba4 c5 11.Be3 Qc7 12.f3 b5 13.Bb3 a5 14.a3 Ba6 15.Re1 Rfd8 16.Qb1 e6
17.Ra2 b4 18.axb4 axb4 19.Rc1 bxc3 20.dxc5 Nxc5 21.Bxc5 Qxc5+ 22.Kh1 Bxe2
23.Rxe2 Rdb8 24.Qc2 Qa3 25.Bc4 Rb2 26.Qd1 Bh6 27.Rxb2 Qxb2  0-1

[Event "Corus C"]
[Site "Wijk aan Zee NED"]
[Date "2008.01.13"]
[Round "2"]
[White "Li Shilong"]
[Black "Ushenina,A"]
[Result "1-0"]
[WhiteElo "2502"]
[BlackElo "2484"]

1.d4 Nf6 2.c4 g6 3.Nc3 d5 4.cxd5 Nxd5 5.e4 Nxc3 6.bxc3 Bg7 7.Ba3 O-O 8.Bd3 b6
9.Ne2 Qd7 10.Rb1 Ba6 11.O-O Rd8 12.Bxa6 Nxa6 13.Qb3 c5 14.d5 Nc7 15.c4 e5
16.Bb2 Ne8 17.a4 Nd6 18.Nc3 a6 19.Ba3 Qc7 20.Bc1 Rab8 21.Be3 f5 22.f3 Rf8
23.Qa2 Rf7 24.Qe2 fxe4 25.Nxe4 Nxe4 26.fxe4 Rxf1+ 27.Qxf1 a5 28.Qd1 Rd8 29.Rb5 Rd6
30.Qb1 Rf6 31.Bg5 Rd6 32.Bd2 Rf6 33.h3 h6 34.Bc3 g5 35.Qd1 Kh7 36.Be1 Qf7
37.Bg3 Rd6 38.Qa1 Qf6 39.Rb1 Qe7 40.Rf1 Rd7 41.Rf5 g4 42.hxg4 Qd8 43.g5 Qe8
44.Bxe5 Qh5 45.gxh6 Qxh6 46.Rf3 Qg6 47.Qc3 Qxe4 48.Bxg7 Rxg7 49.Qd3 Qxd3
50.Rxd3 Rd7 51.Kf2 Kg7 52.Ke3 Kf8 53.d6 Ke8 54.Ke4 Rg7 55.Kd5 Rxg2 56.Kc6 Kd8
57.Rh3 Rg8 58.Rh7 Kc8 59.Kxb6 Rg6 60.Kxc5 Rg4 61.Kb5 Kd8 62.c5  1-0

[Event "4NCL 2007-8"]
[Site "Wokefield Park ENG"]
[Date "2008.01.13"]
[Round "6"]
[White "Gordon,S"]
[Black "Howell,D"]
[Result "1-0"]
[WhiteElo "2501"]
[BlackElo "2528"]

1.d4 Nf6 2.c4 g6 3.Nc3 d5 4.cxd5 Nxd5 5.e4 Nxc3 6.bxc3 Bg7 7.Bc4 c5 8.Ne2 Nc6
9.Be3 O-O 10.O-O Bd7 11.Rb1 Qc7 12.Bf4 Qc8 13.Rc1 a6 14.Qd2 b5 15.Bd5 Rd8
16.Bh6 Bh8 17.Bg5 Ra7 18.Qe3 Re8 19.h4 Na5 20.Nf4 e6 21.Bb3 f6 22.Bh6 Rc7
23.e5 Nxb3 24.axb3 Bc6 25.h5 g5 26.Nd3 c4 27.bxc4 bxc4 28.Nc5 Qa8 29.f3 Rf7
30.Ne4 Bxe4 31.fxe4 Qd8 32.exf6 Bxf6 33.e5 Be7 34.Rxf7 Kxf7 35.Rf1+ Kg8 36.Qf3 Kh8
37.Qf7 Rg8 38.Qxe6 g4 39.Rf7  1-0

[Event "6th Parsvnath Open"]
[Site "New Delhi IND"]
[Date "2008.01.14"]
[Round "3"]
[White "Sundararajan,K"]
[Black "Purushothaman,T"]
[Result "1-0"]
[WhiteElo "2442"]
[BlackElo "2250"]

1.d4 Nf6 2.c4 g6 3.Nc3 d5 4.cxd5 Nxd5 5.e4 Nxc3 6.bxc3 Bg7 7.Bc4 c5 8.Ne2 Nc6
9.Be3 O-O 10.O-O Bd7 11.Rb1 Qc7 12.Nf4 Rad8 13.Nd5 Qc8 14.Bg5 Be6 15.dxc5 Bxd5
16.exd5 Na5 17.Be2 Qxc5 18.Rb5 Qa3 19.c4 a6 20.Rb1 Rc8 21.Rc1 h6 22.Bh4 g5
23.Bg3 Rfd8 24.Qd2 e6 25.h4 Bf6 26.hxg5 hxg5 27.d6 Rd7 28.Bd3 Nc6 29.c5 Nb4
30.Bb1 Nd5 31.Qc2 Nc3 32.Qh7+ Kf8 33.Rce1 Qxc5 34.Rxe6 Bg7 35.Re3 Nxb1 36.Rxb1 Qc2
37.Re8+  1-0

[Event "6th Parsvnath Open"]
[Site "New Delhi IND"]
[Date "2008.01.15"]
[Round "4"]
[White "Dahale,A"]
[Black "Konguvel,P"]
[Result "0-1"]
[WhiteElo "2080"]
[BlackElo "2394"]

1.d4 Nf6 2.c4 g6 3.Nc3 d5 4.cxd5 Nxd5 5.e4 Nxc3 6.bxc3 Bg7 7.Bc4 c5 8.Ne2 O-O
9.O-O Nc6 10.Be3 Bd7 11.Rb1 Qc7 12.Bf4 Qc8 13.Rc1 a6 14.Qd2 b5 15.Bd3 e5
16.Bh6 Bxh6 17.Qxh6 Qd8 18.f4 c4 19.Bb1 exd4 20.f5 Qf6 21.e5 Qxe5 22.cxd4 Qg7
23.Qf4 Rfe8 24.f6 Qf8 25.Nc3 Rad8 26.Rcd1 Bc8 27.h4 Nb4 28.h5 Nd3 29.Bxd3 cxd3
30.Rxd3 Bf5 31.Rg3 Kh8 32.Qh4 Qh6 33.Nd1 Re4 34.Qh2 Rexd4 35.Ne3 Be6 36.hxg6 Qxh2+
37.Kxh2 hxg6 38.Rg5 Re4 39.Rf3 Rd3 40.Rgg3 Rd2 41.a3 Rd3 42.Nf1 Rh4+ 43.Kg1 Rd1
44.Kf2 Rh1 45.Ke2 Rdxf1  0-1

[Event "6th Parsvnath Open"]
[Site "New Delhi IND"]
[Date "2008.01.17"]
[Round "7"]
[White "Arvind,C"]
[Black "Das,Du"]
[Result "1/2-1/2"]
[WhiteElo "2305"]
[BlackElo "2127"]

1.d4 Nf6 2.c4 g6 3.Nc3 d5 4.cxd5 Nxd5 5.e4 Nxc3 6.bxc3 Bg7 7.Be3 c5 8.Qd2 Qa5
9.Rc1 O-O 10.Nf3 Be6 11.d5 Bg4 12.c4 Qxd2+ 13.Kxd2 b6 14.Bd3 e5 15.h3 Bd7
16.g4 Na6 17.Rhg1 Nc7 18.h4 h6 19.Ra1 Rab8 20.g5 h5 21.a4 a5 22.Be2 Na6 23.Kc3 Nb4
24.Kb3 Bg4 25.Bd1 Kh7 26.Nd2 Bd7 27.Be2 f5 28.gxf6 Bxf6 29.Rh1 Rbe8 30.Rag1 Bg7
31.Nf3 Bh6 32.Ng5+ Bxg5 33.Rxg5 Re7 34.Rhg1 Be8 35.R1g2 Na6 36.Ka3 Nb8 37.Rg1 Nd7
38.Rb1 Rf6 39.Bf1 Nf8 40.Rb2 Bd7 41.Be2 Be8 42.Rg1 Ref7 43.Bd3 Nd7 44.Rgb1 Rf8
45.Bf1 Rf4 46.Bxf4 Rxf4 47.Bh3 Rxe4 48.Bxd7 Bxd7 49.Rxb6 Kh6 50.Kb3 Rxh4
51.Re1 Rh3+ 52.Kb2 Rf3 53.Rxe5 h4 54.Rb7 Rxf2+ 55.Kc3 Bf5 56.Rb2 Rf3+ 57.Kd2 h3
58.Ke1 Rc3 59.Rh2 Rc1+ 60.Kf2 Rc2+ 61.Kg3 Rc3+ 62.Kf2 Rc2+  1/2-1/2

[Event "ch-CRO"]
[Site "Split CRO"]
[Date "2008.01.20"]
[Round "5"]
[White "Kozul,Z"]
[Black "Brkic,A"]
[Result "1/2-1/2"]
[WhiteElo "2600"]
[BlackElo "2558"]

1.d4 Nf6 2.c4 g6 3.Nc3 d5 4.cxd5 Nxd5 5.e4 Nxc3 6.bxc3 Bg7 7.Nf3 c5 8.Rb1 O-O
9.Be2 cxd4 10.cxd4 Qa5+ 11.Bd2 Qxa2 12.O-O Bg4 13.Bg5 h6 14.Bh4 a5 15.Re1 g5
16.Bg3 Bxf3 17.Bxf3 Nc6 18.e5 Qc4 19.d5 Nd4 20.Be4 a4 21.Rc1 Qb4 22.h4 gxh4
23.Bxh4 Bxe5 24.Bd3 Bg7 25.Bxe7 Qb3 26.Bxf8 Qxd1 27.Rexd1 Kxf8 28.d6 a3 29.d7 Nc6
30.Bc4 Bb2 31.Rc2 Rd8 32.Rcd2 Ne5 33.Bb5 Bc3 34.Re2 Bb2 35.g3 Kg7 36.Kg2 Kf6
37.f4 Nxd7 38.Bxd7 b5 39.Rd6+ Kg7 40.Rd1 b4 41.Kf3 b3 42.Re3 a2 43.Rxb3 Rxd7
44.Rxb2 Rxd1 45.Rxa2  1/2-1/2

[Event "GMA1"]
[Site "Marianske Lazne CZE"]
[Date "2008.01.23"]
[Round "6"]
[White "Rajlich,I"]
[Black "Jansa,Vl"]
[Result "1/2-1/2"]
[WhiteElo "2437"]
[BlackElo "2486"]

1.d4 Nf6 2.c4 g6 3.Nc3 d5 4.cxd5 Nxd5 5.e4 Nxc3 6.bxc3 Bg7 7.Nf3 c5 8.Rb1 O-O
9.Be2 b6 10.O-O Bb7 11.Qd3 e6 12.h4 Nd7 13.h5 Nf6 14.h6 Bh8 15.Ng5 Rc8 16.Qe3 Qc7
17.Ba3 Rfd8 18.dxc5 bxc5 19.f4 Ba8 20.Rfd1 Qa5 21.Rxd8+ Rxd8 22.Bxc5 Nxe4
23.Nxe4 Bxe4 24.Bb4 Qb6 25.Qxb6 axb6 26.Rd1 Rxd1+ 27.Bxd1 f5 28.Kf2 Kf7 29.g3 Bd5
30.Bb3 Bf6 31.Ke3 g5 32.c4 gxf4+ 33.gxf4 Bc6 34.Bd6 Be7 35.Bxe7 Kxe7 36.Bd1 Be8
37.Kd4 Kd6 38.Bf3 Bf7 39.Be2 Bg6 40.Bf3 Bf7 41.Bb7 Bg6 42.Ba6 Be8 43.Bb5 Bf7
44.a4 Bh5 45.a5 bxa5 46.c5+ Kc7 47.Ke5 Bf3 48.c6  1/2-1/2

[Event "ch-Reykjavik"]
[Site "Reykjavik ISL"]
[Date "2008.01.23"]
[Round "8"]
[White "Jonsson,Ol"]
[Black "Thorsteinsdottir,H"]
[Result "1/2-1/2"]
[WhiteElo "1924"]
[BlackElo "1867"]

1.d4 Nf6 2.c4 g6 3.Nc3 d5 4.cxd5 Nxd5 5.e4 Nxc3 6.bxc3 Bg7 7.Nf3 c5 8.Rb1 Nc6
9.Bb5 O-O 10.Bxc6 bxc6 11.O-O Bg4 12.Be3 Bxf3 13.gxf3 Qc7 14.f4 Rab8 15.Qc2 Qd7
16.Rxb8  1/2-1/2

[Event "6th ch-PriFO Men"]
[Site "Kazan RUS"]
[Date "2008.01.24"]
[Round "2"]
[White "Grechihin,V"]
[Black "Yandemirov,V"]
[Result "0-1"]
[WhiteElo "2306"]
[BlackElo "2461"]

1.d4 Nf6 2.c4 g6 3.Nc3 d5 4.cxd5 Nxd5 5.e4 Nxc3 6.bxc3 Bg7 7.Bc4 O-O 8.Ne2 Nc6
9.O-O Na5 10.Bd3 b6 11.Be3 Qd7 12.Qd2 Re8 13.Rad1 Qa4 14.Ng3 Nc4 15.Qe2 Nxe3
16.Bb5 Ba6 17.Bxa6 Nxd1 18.Rxd1 c6 19.e5 Rad8 20.Bc4 Qa5 21.Qf3 Rf8 22.Ne4 Bxe5
23.dxe5 Rxd1+ 24.Qxd1 Qxe5 25.Qf3 b5 26.Bb3 c5 27.a4 c4 28.Bc2 bxa4 29.Bxa4 Qa5
30.Bd1 Qa1 31.Kf1 Rd8 32.Ke1 a5 33.Ng5 f5 34.Ne6 Rd3 35.Qa8+ Kf7 36.Ng5+ Kg7
37.Ne6+ Kf6  0-1